000 00314nam a2200133Ia 4500
005 20260328104340.0
008 260328s9999||||xx |||||||||||||| ||und||
100 _aJodidio, Philip
245 0 _aRichard Meier /
_cPhilip Jodidio
260 _bTaschen
300 _a1175 p.
650 _aARQUITECTOS
942 _cBK
999 _c12049
_d12049